| 000 | 00807cam a2200253 a 4500 | ||
|---|---|---|---|
| 001 | 1595 | ||
| 005 | 20250513113051.0 | ||
| 020 | _a9780439051545 | ||
| 040 |
_aDLC _cDLC _dDLC _beng |
||
| 050 | 0 | 0 |
_aPZ7.S52865 _bDas 2002 |
| 082 | 0 | 0 |
_a823.92 _221 |
| 100 | 1 |
_aShannon, David, _d(1959-) |
|
| 245 | 1 | 0 |
_aDavid gets in trouble / _cby David Shannon. |
| 260 |
_aNew York : _bScholastic, _c2002 |
||
| 300 |
_a30 unnumbered pages : _bcolor illustrations; _c29 cm |
||
| 505 | _aD | ||
| 520 | _aWhen David gets in trouble, he has excuses right up until bedtime, when he realizes he really is sorry. | ||
| 521 |
_a160
_bLexile |
||
| 521 |
_aD
_bRaz-Plus |
||
| 650 | 1 |
_aBehavior _vFiction. |
|
| 650 | 1 |
_aApologizing _vFiction. |
|
| 906 |
_a7 _bcbc _corignew _d1 _eocip _f20 _gy-gencatlg |
||
| 942 |
_2ddc _cBK _n0 |
||
| 999 |
_c1595 _d1595 |
||